KOHA-Header-6

The Global Business Game (Record no. 9520)

000 -LEADER
fixed length control field 00257nam a2200109Ia 4500
100 ## - MAIN ENTRY--AUTHOR NAME
Personal name Joseph Wolfe
245 #4 - TITLE STATEMENT
Title The Global Business Game
260 ## - PUBLICATION, DISTRIBUTION, ETC. (IMPRINT)
Place of publication New Jersey
Name of publisher Willey
Year of publication 1976
300 ## - PHYSICAL DESCRIPTION
Number of Pages 526
942 ## - ADDED ENTRY ELEMENTS (KOHA)
Koha item type Books
Holdings
Withdrawn status Lost status Permanent Location Current Location Date acquired Full call number Accession Number Koha item type
    MAJU MAJU 2019-09-14 338.005 5321 Books

Powered by Koha